| 000 | 00714nam a22002297a 4500 | ||
|---|---|---|---|
| 005 | 20251108172424.0 | ||
| 008 | 250721s9999 xx 000 0 ara d | ||
| 082 | 1 | 4 | _aم/211.6/علي |
| 100 | 1 | _aزهران، علي محمد | |
| 245 | 1 | 0 | _aمن فضائل و آداب و أحكام القرآن الكريم / |
| 264 | 1 |
_aالقاهرة : _bدار الشعب، |
|
| 300 | _a920ص | ||
| 650 | 1 | 7 | _aالعلوم القرآنية |
| 650 | 1 | 7 | _aسور القرآن |
| 650 | 1 | 7 | _aفضائل القرآن |
| 650 | 1 | 7 | _aأحكامالقرآن |
| 650 | 1 | 7 | _aالشريعة الإسلامية |
| 650 | 1 | 7 | _aتفسير القرآن |
| 650 | 1 | 7 | _aعلوم الحديث |
| 942 |
_2ddc _cREF |
||
| 999 |
_c78925 _d78925 |
||